00456cam a2200181 a 4500020001500000020001500015082001700030100002100047245002200068260003100090300002500121500002800146500002000174650001400194650002000208700002300228700002300251 a0470203226 a085226307400a541.2254 GOW1 aGowariker, V. R.10aPolymer science / aNew York :bWiley,cc1986. axv, 505 p. :bill. ; a"A Halsted Press book." aIncludes index. 0aPolymers. 0aPolymerization.1 aViswanathan, N. V.1 aSreedhar, Jayadev.